Statistics for Top 5 NBA Playoff Assists Leaders

Click here to take the quiz!

General Stats

  • This quiz has been taken 27 times
  • The average score is 4 of 5

Answer Stats

AssistsPlayer% Correct
1597*LeBron James
93%
1839John Stockton
89%
2346Magic Johnson
85%
1263Jason Kidd
78%
1143*Tony Parker
41%

Score Distribution

Percentile by Number Answered

Percent of People with Each Score

Your Score History

You have not taken this quiz